000 00674nam a22001937a 4500
999 _c171825
_d171825
005 20200121145254.0
010 _aB-208914
020 _c250.00
_a8182231701
035 _aB-208914
037 _bBPPD/Pub.
082 _a809
100 _aسورج دیو سنگھ
245 _aاردو اور ہندی کے سیاسی ناول /
_cسورج دیو سنگھ
246 _aUrdu Aur Hindi Ke Syasi Novel: Taqabuli Motaleya (Urdu) /
_bby Suraj Deo Singh
260 _aDelhi
_bEducational Publishing House
_c2006 ء
270 _bDelhi
_a3108, Vakil Street, Kucha Pandit, Lal Kuan
_e110006
300 _a255p.
_c23cm(Hb)
942 _2ddc
_cUR
_h809
_mس و ر